| 000 | 00914nam a2200241 i 4500 | ||
|---|---|---|---|
| 001 | 99222 | ||
| 003 | ES-MaACL | ||
| 005 | 20250804062541.0 | ||
| 007 | t| | ||
| 008 | 050906s1986 sp ||||1| spa d | ||
| 020 | _a84-206-1995-5 | ||
| 100 | 1 |
_aMartin du Gard, Roger. _977475 |
|
| 245 | 1 | 4 |
_aLos Thibault / _cRoger Martin du Gard; traducción del francés por Félix Caballero Robredo. |
| 250 | _a1ª ed., 1ª reimp. | ||
| 260 |
_aMadrid : _bAlianza, _c1986. |
||
| 300 |
_a6 v. ; _c18 cm. |
||
| 490 | 1 |
_aEl libro de bolsillo ; _v528, 552, 562, 575, 579 |
|
| 505 | 8 | _aContiene: v. 1. El cuaderno gris; El reformatorio- v. 2. Estío- v. 3. La consulta; La Sorellina; La muerte del padre- v. 4-6. El verano de 1914 | |
| 700 | 1 |
_aCaballero Robredo, Félix. _933118 |
|
| 830 | 0 | 3 |
_aEl libro de bolsillo _v528, 552, 562, 575, 579 _9177802 |
| 852 |
_aES-MaACL _jL-14798-03 _bR.112531 |
||
| 999 |
_c99222 _d99222 |
||